[Event "New England Masters"]
[Site "Peabody"]
[Date "2007.08.13"]
[EventDate "?"]
[Round "3"]
[Result "1/2-1/2"]
[White "Nigel Rodney Davies"]
[Black "Ray Robson"]
[WhiteElo "2494"]
[BlackElo "2527"]
[PlyCount "81"]

1.e4 c5 2.Na3 d6 3.c3 Nf6 4.g3 Nc6 5.Bg2 g6 6.Ne2 Bg7 7.d4
cxd4 8.cxd4 O-O 9.O-O e5 10.d5 Ne7 11.Nc4 Ne8 12.Nc3 f5 13.f4
exf4 14.Bxf4 fxe4 15.Nxe4 b5 16.Ncxd6 Rxf4 17.Nxe8 Rxf1+
18.Qxf1 Qxe8 19.Nf6+ Bxf6 20.Qxf6 Qf7 21.Qxf7+ Kxf7 22.d6 Rb8
23.dxe7 Kxe7 24.Rc1 Bd7 25.Rc7 Rc8 26.Rxd7+ Kxd7 27.Bh3+ Kd8
28.Bxc8 Kxc8 29.Kf2 Kd7 30.Ke3 Ke6 31.Kd4 Kd6 32.b4 h5 33.h4
a6 34.a3 Ke6 35.Kc5 Kf5 36.Kb6 Kg4 37.Kxa6 Kxg3 38.Kxb5 Kxh4
39.Kc4 g5 40.b5 g4 41.b6 1/2-1/2

[Event "New England Masters"]
[Site "Peabody"]
[Date "2007.08.13"]
[EventDate "?"]
[Round "5"]
[Result "0-1"]
[White "Dale R Haessel"]
[Black "Ray Robson"]
[WhiteElo "2192"]
[BlackElo "2527"]
[PlyCount "114"]

1.d4 d5 2.c4 e6 3.Nf3 Nf6 4.g3 dxc4 5.Qa4+ Nbd7 6.Bg2 a6 7.Nc3
Be7 8.Qxc4 b5 9.Qd3 Bb7 10.O-O c5 11.b3 O-O 12.Bb2 Qb6 13.e3
Rfd8 14.Rad1 Rac8 15.Qb1 cxd4 16.Rxd4 Bc5 17.Rd3 Qa7 18.Ng5
Bxg2 19.Kxg2 Qb7+ 20.f3 h6 21.Nge4 b4 22.Nxf6+ Nxf6 23.Na4
Rxd3 24.Qxd3 Be7 25.Rc1 Rd8 26.Qe2 Qb5 27.Rc2 h5 28.Rd2 Rc8
29.Rc2 Rxc2 30.Qxc2 Nd5 31.Kf2 Qf1+ 32.Kxf1 Nxe3+ 33.Ke2 Nxc2
34.Kd3 Na3 35.Bxa3 bxa3 36.Kc4 f5 37.b4 Kf7 38.f4 Bd6 39.Nc5
h4 40.Nxa6 h3 41.Nc5 e5 42.Nd3 e4 43.Nc1 g5 44.Ne2 gxf4
45.gxf4 Kg6 46.b5 Kh5 47.Kd5 Bb8 48.Kc6 Kg4 49.Kb7 Bxf4
50.Nxf4 Kxf4 51.b6 e3 52.Ka6 e2 53.b7 e1=Q 54.b8=Q+ Kf3 55.Qf8
Kg2 56.Qxa3 Qe2+ 57.Ka7 f4 0-1

[Event "XXIII Open"]
[Site "Reykjavik ISL"]
[Date "2008.03.04"]
[EventDate "2008.03.03"]
[Round "2"]
[Result "1/2-1/2"]
[White "Ray Robson"]
[Black "Ahmed Adly"]
[WhiteElo "2389"]
[BlackElo "2551"]
[PlyCount "204"]

1. e4 c5 2. Nf3 d6 3. d4 cxd4 4. Nxd4 Nf6 5. Nc3 a6 6. Bg5 e6
7. f4 Nbd7 8. Qf3 Be7 9. O-O-O Qc7 10. g4 h6 11. Bxf6 Bxf6
12. h4 Qb6 13. Nb3 Nc5 14. Nxc5 Qxc5 15. e5 dxe5 16. Ne4 Qc7
17. Nd6+ Kf8 18. g5 e4 19. Nxe4 Be7 20. Bh3 Kg8 21. Rhf1 Qc6
22. f5 exf5 23. Bxf5 Bxf5 24. Qxf5 Rd8 25. Rg1 hxg5 26. hxg5
g6 27. Qf4 Rc8 28. c3 Qe6 29. Rh1 Kg7 30. Rhe1 Rc4 31. b3 Rc6
32. Nc5 Bxc5 33. Rxe6 Rxe6 34. Qc7 Be3+ 35. Kb1 Bxg5 36. Qxb7
Rh2 37. Rh1 Rd2 38. Rh7+ Kxh7 39. Qxf7+ Kh6 40. Qxe6 Bf4
41. c4 Rd6 42. Qe4 g5 43. c5 Rg6 44. Kc2 Rf6 45. c6 g4 46. c7
Bxc7 47. Qxg4 a5 48. Kd3 Bd6 49. Qg2 Bb4 50. Kc4 Rg6 51. Qh1+
Kg7 52. Kb5 Rg5+ 53. Kb6 Be7 54. Kc6 Bf6 55. Kd7 Kf7 56. Qh7+
Bg7 57. Qe4 Bf6 58. a3 Re5 59. Qc4+ Kf8 60. b4 axb4 61. axb4
Re7+ 62. Kc8 Re8+ 63. Kb7 Re7+ 64. Ka6 Rd7 65. Qe6 Rf7 66. b5
Bd8 67. Qd6+ Ke8 68. Qe5+ Re7 69. Qh8+ Kd7 70. Kb7 Kd6+
71. Kc8 Bb6 72. Qf6+ Re6 73. Qc3 Kd5 74. Kb7 Bd4 75. Qb3+ Ke5
76. Qc4 Rf6 77. Kc7 Bb6+ 78. Kd7 Rd6+ 79. Ke7 Bd8+ 80. Ke8 Bb6
81. Qb4 Bd8 82. Qc5+ Ke6 83. Qc4+ Ke5 84. Qc8 Bb6 85. Ke7 Bd8+
86. Kf7 Kd5 87. Qc3 Bb6 88. Qb3+ Kc5 89. Qa3+ Kd5 90. Ke7 Bd8+
91. Ke8 Bb6 92. Qb4 Rd8+ 93. Kf7 Rd6 94. Qc3 Bd8 95. Qc8 Bb6
96. Qf5+ Kc4 97. Ke7 Bc5 98. Qf1+ Kb4 99. Qb1+ Ka5 100. Ke8
Kb6 101. Qb3 Rd4 102. Kf7 Rb4 1/2-1/2

[Event "XXIII Open"]
[Site "Reykjavik ISL"]
[Date "2008.03.05"]
[EventDate "2008.03.03"]
[Round "3"]
[Result "1/2-1/2"]
[White "Tiger Hillarp Persson"]
[Black "Ray Robson"]
[WhiteElo "2535"]
[BlackElo "2389"]
[PlyCount "47"]

1. d4 d5 2. c4 e6 3. Nc3 c6 4. Nf3 Nf6 5. Bg5 dxc4 6. e4 b5
7. a4 Qb6 8. Bxf6 gxf6 9. Be2 Bb7 10. O-O a6 11. d5 cxd5
12. exd5 Nd7 13. axb5 axb5 14. Rxa8+ Bxa8 15. Nd4 Bc5
16. Ndxb5 Ne5 17. b4 Be7 18. Kh1 O-O 19. f4 Nd3 20. Bxd3 cxd3
21. Rf3 Kh8 22. Qxd3 Bxb4 23. Rh3 f5 24. Rxh7+ 1/2-1/2

[Event "XXIII Open"]
[Site "Reykjavik ISL"]
[Date "2008.03.06"]
[EventDate "2008.03.03"]
[Round "4"]
[Result "1/2-1/2"]
[White "Ray Robson"]
[Black "Henrik Danielsen"]
[WhiteElo "2389"]
[BlackElo "2506"]
[PlyCount "35"]

1. e4 c6 2. d4 d5 3. exd5 cxd5 4. Bd3 Nc6 5. c3 Nf6 6. Bf4 Bg4
7. Qb3 Qc8 8. Nd2 e6 9. Ngf3 Be7 10. O-O Bh5 11. Ne5 Nxe5
12. Bxe5 O-O 13. Rae1 Nd7 14. Bf4 Qc6 15. Bb5 Qc8 16. Bd3 Qc6
17. Bb5 Qc8 18. Bd3 1/2-1/2

[Event "Reykjavic Open"]
[Site "Reykjavik ISL"]
[Date "2008.03.09"]
[EventDate "2008.03.03"]
[Round "7"]
[Result "1-0"]
[White "Pontus Carlsson"]
[Black "Ray Robson"]
[WhiteElo "2501"]
[BlackElo "2389"]
[PlyCount "95"]

1. e4 c5 2. Nf3 g6 3. d4 cxd4 4. Nxd4 Nc6 5. Nc3 Bg7 6. Be3
Nf6 7. Bc4 O-O 8. Bb3 a5 9. O-O Nxd4 10. Bxd4 d6 11. Qe2 Bd7
12. Rad1 a4 13. Bc4 Bc6 14. e5 dxe5 15. Bxe5 Qc8 16. Rfe1 Ra5
17. Bb5 Re8 18. Rd4 Nh5 19. Bxg7 Bxb5 20. Nxb5 Nxg7 21. c4 Ne6
22. Re4 Ra6 23. h4 Qc5 24. Re5 Qc6 25. g3 Rc8 26. Rc1 Raa8
27. h5 Rd8 28. Re1 Rd7 29. hxg6 hxg6 30. Qg4 Rad8 31. Rxe6
fxe6 32. Na7 Qd6 33. Qxg6+ Kf8 34. Qh6+ Kf7 35. Qh7+ Kf8
36. Qh6+ Kf7 37. Re3 Qd1+ 38. Kg2 Rd6 39. Nb5 Rc6 40. Nc3 Qc2
41. Ne4 Qxc4 42. Qh5+ Kg7 43. Ng5 Qd5+ 44. Rf3 Rh8 45. Qg4 Rh7
46. Nf7+ Kf8 47. Ne5+ Rf7 48. Nxf7 1-0

[Event "Reykjavic Open"]
[Site "Reykjavik ISL"]
[Date "2008.03.10"]
[EventDate "2008.03.03"]
[Round "8"]
[Result "1-0"]
[White "Ray Robson"]
[Black "Peter Vavrak"]
[WhiteElo "2389"]
[BlackElo "2472"]
[PlyCount "75"]

1. e4 e6 2. d4 d5 3. Nc3 Nf6 4. Bg5 Be7 5. e5 Nfd7 6. Bxe7
Qxe7 7. f4 Nb6 8. Qd2 Bd7 9. Nf3 c5 10. dxc5 Qxc5 11. O-O-O
Nc6 12. Nb5 O-O 13. Nd6 Nc8 14. Nxc8 Rfxc8 15. Bd3 Ne7 16. Qe2
a6 17. Kb1 Bb5 18. g4 Rc6 19. h4 Rac8 20. Bxb5 axb5 21. Nd4
Rb6 22. h5 Nc6 23. Nb3 Qc4 24. Qxc4 bxc4 25. Nd4 c3 26. b3 Rb4
27. Nxc6 Rxc6 28. Rdf1 f6 29. exf6 gxf6 30. Rhg1 Re4 31. Rg3
b5 32. g5 f5 33. a3 d4 34. h6 Ra6 35. g6 hxg6 36. Rxg6+ Kh7
37. Rg7+ Kxh6 38. Rg3 1-0

[Event "Reykjavic Open"]
[Site "Reykjavik ISL"]
[Date "2008.03.11"]
[EventDate "2008.03.03"]
[Round "9"]
[Result "1-0"]
[White "Sahaj Grover"]
[Black "Ray Robson"]
[WhiteElo "2242"]
[BlackElo "2389"]
[PlyCount "89"]

1. e4 c5 2. Nf3 g6 3. d4 cxd4 4. Nxd4 Nc6 5. c4 Nf6 6. Nc3 d6
7. Be2 Nxd4 8. Qxd4 Bg7 9. Be3 O-O 10. Qd2 a5 11. Rd1 Be6
12. O-O a4 13. c5 a3 14. b4 dxc5 15. Qc2 Qc8 16. bxc5 Ra5
17. Nd5 Bxd5 18. exd5 b6 19. Qd2 Ne4 20. Qb4 Nc3 21. Rd2 Qa8
22. cxb6 Nxd5 23. Qb3 Qb7 24. Bf3 e6 25. Rc1 Qd7 26. Bxd5 exd5
27. Rc7 Qb5 28. Rd3 Be5 29. Rc5 Qxb3 30. Rxb3 Rxc5 31. Bxc5
Rc8 32. Bxa3 d4 33. b7 Rd8 34. Be7 Rb8 35. Bg5 f6 36. Bd2 Kf7
37. a4 Re8 38. a5 Bb8 39. Kf1 Re6 40. Rd3 Re7 41. a6 Rd7
42. Bf4 Bxf4 43. a7 Rxb7 44. a8=Q Rb1+ 45. Ke2 1-0

[Event "Pan-American Continental"]
[Site "Boca Raton USA"]
[Date "2008.11.03"]
[EventDate "2008.11.01"]
[Round "2"]
[Result "1-0"]
[White "Ray Robson"]
[Black "Alfredo Pena"]
[WhiteElo "2466"]
[BlackElo "2309"]
[PlyCount "71"]

1. e4 e5 2. Nf3 Nc6 3. Bb5 a6 4. Ba4 Nf6 5. O-O Be7 6. Re1 b5
7. Bb3 d6 8. c3 O-O 9. h3 Nb8 10. d4 Nbd7 11. Nbd2 Bb7 12. Bc2
Re8 13. a4 Bf8 14. Bd3 c6 15. b3 g6 16. Bb2 Bg7 17. Qc2 d5
18. dxe5 Nxe4 19. Bxe4 dxe4 20. Nxe4 Nxe5 21. Nxe5 Bxe5 22. c4
c5 23. Nxc5 Bxb2 24. Rxe8+ Qxe8 25. Qxb2 Bxg2 26. Kxg2 Qc6+
27. Kg1 Qxc5 28. axb5 Qg5+ 29. Kf1 Qf5 30. Qd4 Qxh3+ 31. Kg1
Qf5 32. bxa6 Qg5+ 33. Kf1 Rd8 34. Qe4 Qf6 35. Ra2 Rd4 36. a7
1-0

[Event "Pan-American Continental"]
[Site "Boca Raton USA"]
[Date "2008.11.04"]
[EventDate "2008.11.01"]
[Round "4"]
[Result "1/2-1/2"]
[White "Ray Robson"]
[Black "Jake Kleiman"]
[WhiteElo "2466"]
[BlackElo "2315"]
[PlyCount "128"]

1. e4 c5 2. Nf3 e6 3. d4 cxd4 4. Nxd4 a6 5. Bd3 Ne7 6. O-O
Nbc6 7. Nxc6 Nxc6 8. Qg4 Qc7 9. Nc3 g6 10. f4 Bg7 11. Kh1 d6
12. f5 Ne5 13. Qg3 Bd7 14. Qh4 Bc6 15. fxe6 fxe6 16. Bg5 h6
17. Bf6 O-O 18. Bxe5 Bxe5 19. Qg4 Kh7 20. Qxe6 Rae8 21. Qg4
Qb6 22. Rab1 Qd4 23. Rbd1 Qb4 24. Nd5 Bxd5 25. Qd7+ Kh8 26. c3
Qxb2 27. exd5 Rxf1+ 28. Rxf1 Rg8 29. Qf7 Rg7 30. Qf8+ Kh7
31. c4 Qd4 32. Qf3 Qh4 33. g3 Qh3 34. Rf2 Bd4 35. Re2 Be5
36. Rf2 a5 37. a4 b6 38. Re2 Kg8 39. Rf2 Kh7 40. Qe4 Qh5
41. Kg2 Qg5 42. Qf3 Qe7 43. h4 Kg8 44. Qg4 Qd7 45. Qxd7 Rxd7
46. Bxg6 Rg7 47. h5 Rc7 48. Rc2 Kg7 49. Kf3 Re7 50. Bf5 Re8
51. Rc1 Bd4 52. Be6 Rf8+ 53. Ke4 Bc5 54. Rh1 Rf2 55. Rh4 Re2+
56. Kf3 Rf2+ 57. Ke4 Re2+ 58. Kf3 Rf2+ 59. Kg4 Be3 60. Kh3 Bg5
61. Re4 Rf3 62. Kg4 Re3 63. Rxe3 Bxe3 64. Kf5 Kf8 1/2-1/2

[Event "Pan-American Continental"]
[Site "Boca Raton USA"]
[Date "2008.11.04"]
[EventDate "2008.11.01"]
[Round "5"]
[Result "1/2-1/2"]
[White "Erik F Santarius"]
[Black "Ray Robson"]
[WhiteElo "2213"]
[BlackElo "2466"]
[PlyCount "68"]

1. e4 c5 2. b3 Nc6 3. Bb2 e6 4. Nf3 d5 5. exd5 exd5 6. d4 Nf6
7. Be2 Bd6 8. O-O O-O 9. Nbd2 Bg4 10. h3 Bh5 11. dxc5 Bxc5
12. Nh4 Bxe2 13. Qxe2 Re8 14. Qf3 Ne5 15. Bxe5 Rxe5 16. Qd3
Qb6 17. Ndf3 Re4 18. c3 a5 19. Nf5 Rae8 20. N5d4 h6 21. g3 Nh5
22. Nd2 R4e7 23. N2f3 Re4 24. Nd2 R4e7 25. N2f3 Qc7 26. Kg2
Re4 27. Rad1 Qd6 28. Kh2 Re3 29. fxe3 Qxg3+ 30. Kh1 Qxh3+
31. Kg1 Qg3+ 32. Kh1 Qh3+ 33. Kg1 Qg3+ 34. Kh1 Qh3+ 1/2-1/2

[Event "Pan-American Continental"]
[Site "Boca Raton USA"]
[Date "2008.11.05"]
[EventDate "2008.11.01"]
[Round "6"]
[Result "1-0"]
[White "Ray Robson"]
[Black "Alan Borda"]
[WhiteElo "2466"]
[BlackElo "2333"]
[PlyCount "57"]

1. e4 c6 2. d4 d5 3. e5 Bf5 4. Be3 e6 5. Nd2 Nd7 6. Ngf3 Qb6
7. Nb3 h6 8. Be2 Ne7 9. O-O Bg4 10. c4 g6 11. Rc1 h5 12. Bd2
Bxf3 13. Bxf3 Qd8 14. Na5 Qb6 15. cxd5 cxd5 16. Qa4 Bh6
17. Bxh6 Rxh6 18. Rc3 Nf5 19. Rfc1 Rd8 20. Rc8 Nxd4 21. R1c7
Qb5 22. Qa3 Ne2+ 23. Bxe2 Qxe2 24. Rc1 Qa6 25. Rxd8+ Kxd8
26. Qe3 Qxa5 27. Qg5+ f6 28. exf6 Ke8 29. Qxh6 1-0

[Event "Pan-American Continental"]
[Site "Boca Raton USA"]
[Date "2008.11.05"]
[EventDate "2008.11.01"]
[Round "7"]
[Result "1/2-1/2"]
[White "Fabio La Rota"]
[Black "Ray Robson"]
[WhiteElo "2252"]
[BlackElo "2466"]
[PlyCount "97"]

1. d4 d5 2. Nf3 Nf6 3. Bf4 c5 4. e3 Nc6 5. c3 g6 6. Nbd2 Bg7
7. dxc5 O-O 8. Bb5 Nh5 9. Bg5 Qc7 10. Nb3 Rd8 11. Nfd4 Ne5
12. Be2 Nf6 13. Bf4 Ne4 14. Nb5 Qc6 15. N5d4 Qc7 16. Nb5 Qb8
17. f3 Nf6 18. N5d4 a6 19. Nd2 Qc7 20. b4 Nh5 21. Bg5 b6
22. f4 Nc4 23. Nxc4 bxc5 24. Na5 cxd4 25. cxd4 h6 26. Rc1 Qd6
27. Bh4 Qxb4+ 28. Qd2 Qxd2+ 29. Kxd2 Nf6 30. Bf3 Be6 31. Rc7
Bf8 32. Nc6 Rdc8 33. Rxc8 Rxc8 34. Rc1 Kg7 35. Nb4 Ne4+
36. Bxe4 dxe4 37. a3 Rxc1 38. Kxc1 Bc4 39. Kb2 e6 40. Nc6 Bb5
41. Na5 f6 42. Be1 g5 43. fxg5 hxg5 44. Bb4 Bxb4 45. axb4 f5
46. Kc3 Kf6 47. Nb7 Ke7 48. g3 g4 49. Kb3 1/2-1/2

[Event "Pan-American Continental"]
[Site "Boca Raton USA"]
[Date "2008.11.06"]
[EventDate "2008.11.01"]
[Round "8"]
[Result "1-0"]
[White "Ray Robson"]
[Black "Ilye Figler"]
[WhiteElo "2466"]
[BlackElo "2322"]
[PlyCount "53"]

1. e4 d5 2. exd5 Qxd5 3. d4 Nc6 4. Nf3 Bg4 5. Be2 O-O-O 6. c4
Qf5 7. Be3 Bxf3 8. Bxf3 Nxd4 9. Bxd4 Qe6+ 10. Be2 Qe4 11. O-O
Qxd4 12. Qa4 e6 13. Nc3 Bd6 14. Rfd1 Qe5 15. g3 a6 16. Rac1 c5
17. Bf3 Ne7 18. Qb3 Rd7 19. Na4 Kb8 20. Nb6 Rhd8 21. Nxd7+
Rxd7 22. Qa4 Kc8 23. b4 Nf5 24. bxc5 Qxc5 25. Rb1 Nd4
26. Bxb7+ Rxb7 27. Qxa6 1-0

[Event "Pan-American Continental"]
[Site "Boca Raton USA"]
[Date "2008.11.07"]
[EventDate "2008.11.01"]
[Round "9"]
[Result "1/2-1/2"]
[White "Everaldo Matsuura"]
[Black "Ray Robson"]
[WhiteElo "2469"]
[BlackElo "2466"]
[PlyCount "67"]

1. e4 c5 2. Nf3 d6 3. d4 cxd4 4. Nxd4 Nf6 5. Nc3 g6 6. Be3 Bg7
7. f3 O-O 8. Qd2 Nc6 9. O-O-O d5 10. Qe1 e5 11. Nxc6 bxc6
12. exd5 Nxd5 13. Bc4 Be6 14. Ne4 Qc7 15. Bc5 Rfd8 16. g4 Nf4
17. Bxe6 Rxd1+ 18. Qxd1 Nxe6 19. Be3 Rb8 20. Qd3 Nd4 21. Rf1
Qb6 22. b3 Qa5 23. Kb1 Nb5 24. Bc1 f5 25. gxf5 gxf5 26. Rg1
fxe4 27. Qd7 Nc3+ 28. Kb2 Qxa2+ 29. Kxc3 Qa1+ 30. Kc4 Qa6+
31. Kc3 Qa1+ 32. Kc4 Qa6+ 33. Kc3 Qa1+ 34. Kc4 1/2-1/2

[Event "Corus Internet Qualifier"]
[Site "ICC INT"]
[Date "2008.11.01"]
[EventDate "2008.11.01"]
[Round "1.1"]
[Result "0-1"]
[White "Ray Robson"]
[Black "Sanan Sjugirov"]
[WhiteElo "2466"]
[BlackElo "2549"]
[PlyCount "62"]

1. e4 c5 2. Nf3 d6 3. d4 cxd4 4. Nxd4 Nf6 5. Nc3 a6 6. Bg5 e6
7. f4 Nbd7 8. Qe2 Qc7 9. O-O-O b5 10. a3 Bb7 11. g4 Be7
12. Bh4 Nb6 13. Rg1 Rc8 14. g5 Nfd7 15. f5 e5 16. Ne6 fxe6
17. Qh5+ Kd8 18. f6 g6 19. fxe7+ Kxe7 20. Qg4 Nc5 21. Rd2 Nba4
22. Rg3 Rhf8 23. Qe2 Nxe4 24. Nxe4 Bxe4 25. Bh3 Rf4 26. Rg4
Bf3 27. Rxf4 Bxe2 28. Rxe2 exf4 29. Rxe6+ Kf8 30. Rf6+ Kg7
31. Bxc8 Qxc8 0-1

[Event "Corus Internet Qualifier"]
[Site "ICC INT"]
[Date "2008.11.01"]
[EventDate "2008.11.01"]
[Round "1.2"]
[Result "0-1"]
[White "Sanan Sjugirov"]
[Black "Ray Robson"]
[WhiteElo "2549"]
[BlackElo "2466"]
[PlyCount "96"]

1. e4 c5 2. Nf3 d6 3. d4 cxd4 4. Nxd4 Nf6 5. Nc3 g6 6. Be3 Bg7
7. f3 O-O 8. Qd2 Nc6 9. O-O-O d5 10. Kb1 Nxd4 11. e5 Nf5
12. exf6 exf6 13. Bf2 d4 14. Nb5 Be6 15. Nxd4 Nxd4 16. Bxd4
Rc8 17. Be2 Qc7 18. Bc3 Rfd8 19. Qc1 Qb6 20. Rxd8+ Rxd8
21. Rd1 Rc8 22. Qd2 Qc6 23. Bf1 h5 24. Qf4 f5 25. Rd3 Qc4
26. Qxc4 Bxc4 27. Rd1 Bxf1 28. Rxf1 Bxc3 29. bxc3 Rxc3 30. Re1
Kf8 31. Kb2 Rc6 32. Re2 f6 33. Kb3 Kf7 34. c3 Re6 35. Rd2 Ke7
36. Kc4 Rc6+ 37. Kb4 b6 38. c4 Rc5 39. Kb3 g5 40. Kb4 f4
41. h3 Re5 42. Kc3 f5 43. Kb4 Re1 44. Kb5 Re5+ 45. Ka6 Ra5+
46. Kb7 Ra4 47. Rd5 Rxc4 48. Rxf5 Rc5 0-1

[Event "Corus Internet Qualifier"]
[Site "ICC INT"]
[Date "2008.11.01"]
[EventDate "2008.11.01"]
[Round "1.3"]
[Result "1-0"]
[White "Ray Robson"]
[Black "Sanan Sjugirov"]
[WhiteElo "2466"]
[BlackElo "2549"]
[PlyCount "57"]

1. e4 c5 2. Nf3 d6 3. d4 cxd4 4. Nxd4 Nf6 5. Nc3 a6 6. Bg5 e6
7. f4 Nbd7 8. Qf3 Qc7 9. O-O-O b5 10. Bd3 Bb7 11. Rhe1 Qb6
12. Bf1 Be7 13. Qh3 b4 14. Na4 Qa5 15. b3 O-O 16. Nxe6 fxe6
17. Qxe6+ Rf7 18. Bc4 d5 19. exd5 Nf8 20. Qxf7+ Kxf7 21. d6+
Kg6 22. dxe7 N8d7 23. e8=Q+ Rxe8 24. Rxe8 Nxe8 25. Rxd7 Bc6
26. Re7 Bxa4 27. g4 Qxg5 28. fxg5 Nd6 29. Re6+ 1-0

[Event "Corus Internet Qualifier"]
[Site "ICC INT"]
[Date "2008.11.01"]
[EventDate "2008.11.01"]
[Round "1.5"]
[Result "1-0"]
[White "Ray Robson"]
[Black "Sanan Sjugirov"]
[WhiteElo "2466"]
[BlackElo "2549"]
[PlyCount "91"]

1. e4 c5 2. Nf3 d6 3. d4 cxd4 4. Nxd4 Nf6 5. Nc3 a6 6. Bg5 e6
7. f4 Nbd7 8. Qf3 Qc7 9. O-O-O b5 10. Bd3 Bb7 11. Rhe1 Qb6
12. Bf1 Be7 13. Qh3 Rc8 14. e5 dxe5 15. fxe5 Nd5 16. Ne4 Bxg5+
17. Nxg5 h6 18. Ngxe6 fxe6 19. Nxe6 g6 20. Bd3 Nc5 21. Bxg6+
Ke7 22. Nxc5 Qxc5 23. Qh4+ Kd7 24. e6+ Kc7 25. e7 Kb8 26. e8=Q
Rhxe8 27. Rxe8 Rxe8 28. Qg3+ Ka7 29. Bxe8 Nb4 30. Bg6 Nxa2+
31. Kb1 Nb4 32. Qc3 Qxc3 33. bxc3 Nd5 34. Kb2 Ne3 35. Rd7 Kb6
36. Rh7 Bxg2 37. Rxh6 Kc5 38. h4 a5 39. Bd3 Bd5 40. h5 a4
41. Rh8 Nd1+ 42. Ka1 Nxc3 43. h6 b4 44. h7 b3 45. Rc8+ Kb4
46. h8=Q 1-0

[Event "Corus Internet Qualifier"]
[Site "ICC INT"]
[Date "2008.11.02"]
[EventDate "2008.11.01"]
[Round "2.1"]
[Result "1/2-1/2"]
[White "Ray Robson"]
[Black "Georg Meier"]
[WhiteElo "2466"]
[BlackElo "2558"]
[PlyCount "92"]

1. e4 e6 2. d4 d5 3. Nc3 dxe4 4. Nxe4 Nd7 5. Nf3 Ngf6 6. Bd3
c5 7. O-O Nxe4 8. Bxe4 Nf6 9. Bg5 cxd4 10. Nxd4 Be7 11. Bf3
O-O 12. Re1 Qb6 13. Nb3 Rd8 14. Qe2 a5 15. Rad1 Bd7 16. Be3
Qc7 17. Nd4 Bc5 18. g3 Be8 19. c3 h6 20. Nb5 Bxb5 21. Rxd8+
Rxd8 22. Qxb5 Bxe3 23. Rxe3 b6 24. Rd3 Rxd3 25. Qxd3 Kf8
26. a4 Ke7 27. b4 g5 28. h3 h5 29. Qe3 g4 30. hxg4 hxg4
31. Bg2 Nd7 32. Qg5+ Kf8 33. Qh6+ Ke8 34. Qe3 Ne5 35. Qd4 Ke7
36. Qe3 Kf8 37. Qd4 Ke8 38. Bh1 f6 39. Bg2 Ke7 40. Kh2 f5
41. Kg1 Kf7 42. Kh2 Nd7 43. Kg1 Nf6 44. b5 e5 45. Qd3 Ke6
46. Bc6 Qd6 1/2-1/2

[Event "Foxwoods Open"]
[Site "Ledyard, CT"]
[Date "2009.04.09"]
[EventDate "2009.04.??"]
[Round "2"]
[Result "0-1"]
[White "Steven Zierk"]
[Black "Ray Robson"]
[WhiteElo "2311"]
[BlackElo "2542"]
[PlyCount "62"]

1. e4 c5 2. Nf3 d6 3. d4 cxd4 4. Nxd4 Nf6 5. Nc3 e6 6. Be3 Nc6
7. Bc4 Be7 8. f3 O-O 9. Qd2 a6 10. a4 Qc7 11. O-O Bd7 12. Rfd1
Na5 13. Bf1 Rac8 14. Qf2 Nc4 15. Bxc4 Qxc4 16. Nb3 h6 17. Bb6
e5 18. Rd3 Be6 19. Rad1 Nh5 20. Ba5 Nf4 21. R3d2 f5 22. Qb6
fxe4 23. fxe4 Bg4 24. Rb1 Rf6 25. Rf2 Rcf8 26. Rbf1 d5 27. Nd2
Qc5 28. Qxc5 Bxc5 29. exd5 Ne2+ 30. Nxe2 Rxf2 31. Rxf2 Bxf2+
0-1

[Event "Foxwoods Open"]
[Site "Ledyard, CT"]
[Date "2009.04.09"]
[EventDate "2009.04.??"]
[Round "3"]
[Result "1/2-1/2"]
[White "Ray Robson"]
[Black "Alexander Shabalov"]
[WhiteElo "2542"]
[BlackElo "2625"]
[PlyCount "92"]

1. e4 c5 2. Nf3 d6 3. d4 cxd4 4. Nxd4 Nf6 5. Nc3 a6 6. h3 g6
7. g4 Bg7 8. Bg2 O-O 9. Be3 Nc6 10. Qd2 Bd7 11. O-O-O Rc8
12. Nxc6 bxc6 13. Bh6 Bxh6 14. Qxh6 Qa5 15. f4 Rb8 16. Rd3 Be6
17. b3 c5 18. e5 dxe5 19. fxe5 Ne8 20. Ne4 f6 21. Rf1 Rf7
22. exf6 exf6 23. Qf4 Rb4 24. Qd2 Qxa2 25. Qc3 Rd4 26. Nxc5
Rxd3 27. Nxd3 Rc7 28. Qb2 Qxb3 29. Qxb3 Bxb3 30. Nb4 Kg7
31. Re1 Nd6 32. Rd1 Nf7 33. Rd3 Ba4 34. Ra3 Bb5 35. Ra5 Nd6
36. Bd5 g5 37. Ra2 Bf1 38. Ra3 Nb5 39. Re3 Nd4 40. Be4 Ne2+
41. Kb2 Nf4 42. Nd5 Rc4 43. Bh1 Rd4 44. Ne7 Kf7 45. Nf5 Rb4+
46. Ka3 Rb6 1/2-1/2

[Event "Foxwoods Open"]
[Site "Ledyard, CT"]
[Date "2009.04.08"]
[EventDate "2009.04.??"]
[Round "1"]
[Result "1-0"]
[White "Ray Robson"]
[Black "Okechukwu A Iwu"]
[WhiteElo "2542"]
[BlackElo "2203"]
[PlyCount "57"]

1. e4 e6 2. d4 d5 3. Nc3 Bb4 4. e5 b6 5. a3 Bf8 6. Nf3 Ne7
7. Bd3 Ba6 8. Bxa6 Nxa6 9. Qd3 Nb8 10. O-O h6 11. Ne2 Qc8
12. b3 Qa6 13. c4 Nbc6 14. Bd2 dxc4 15. bxc4 Rd8 16. Qc2 g5
17. h3 Bg7 18. Rad1 Nf5 19. d5 Nb8 20. dxe6 fxe6 21. Bxg5 Rxd1
22. Rxd1 hxg5 23. Nxg5 Rh6 24. Nxe6 Rxe6 25. Qxf5 Qxc4
26. Qh5+ Ke7 27. Qg5+ Kf7 28. Nf4 Re7 29. Qg6+ 1-0

[Event "Foxwoods Open"]
[Site "Ledyard, CT"]
[Date "2009.04.11"]
[EventDate "2009.04.??"]
[Round "7"]
[Result "1-0"]
[White "Ray Robson"]
[Black "Shinsaku Uesugi"]
[WhiteElo "2542"]
[BlackElo "2348"]
[PlyCount "79"]

1. e4 c5 2. Nf3 Nc6 3. d4 cxd4 4. Nxd4 Nf6 5. Nc3 e5 6. Ndb5
d6 7. Bg5 a6 8. Na3 b5 9. Nd5 Be7 10. Nxe7 Nxe7 11. Bd3 d5
12. exd5 Qxd5 13. Qd2 Bf5 14. Bxf5 Qxd2+ 15. Bxd2 Nxf5 16. O-O
O-O 17. Rfe1 Rfe8 18. c4 bxc4 19. Nxc4 Rad8 20. Bc3 e4
21. Rad1 h5 22. g3 Rxd1 23. Rxd1 e3 24. fxe3 Nxe3 25. Nxe3
Rxe3 26. Bxf6 gxf6 27. Kf2 Re5 28. b4 Kg7 29. a4 Kg6 30. Rb1
Re6 31. b5 axb5 32. axb5 Rb6 33. Ke3 h4 34. gxh4 Kf5 35. Kd4
Kg4 36. Kc5 Rb8 37. b6 f5 38. b7 f4 39. Kc6 Kxh4 40. Rf1 1-0

[Event "Foxwoods Open"]
[Site "Mashantucket, CT"]
[Date "2009.04.12"]
[EventDate "2009.04.??"]
[Round "8"]
[Result "1/2-1/2"]
[White "Ray Robson"]
[Black "Giorgi Kacheishvili"]
[WhiteElo "2542"]
[BlackElo "2647"]
[PlyCount "95"]

1. e4 c5 2. Nf3 d6 3. d4 cxd4 4. Nxd4 Nf6 5. Nc3 Nc6 6. Bg5 e6
7. Qd2 Be7 8. O-O-O Nxd4 9. Qxd4 O-O 10. f4 Qa5 11. e5 dxe5
12. Qxe5 Qxe5 13. fxe5 Nd5 14. Bxe7 Nxe7 15. Bd3 b6 16. Be4
Rb8 17. Nb5 Bb7 18. Rhe1 Bxe4 19. Rxe4 a6 20. Nc7 a5 21. Rd7
Ng6 22. Nb5 Rfd8 23. Rd6 Kf8 24. c3 Ke7 25. Kc2 Rxd6 26. exd6+
Kd7 27. Rc4 Rb7 28. b4 Ne5 29. Rh4 h6 30. Kb3 Kc6 31. a4 f5
32. Rd4 Nf7 33. Rd1 e5 34. bxa5 bxa5 35. Kc4 Rd7 36. Rd5 Kb6
37. Rc5 Nxd6+ 38. Nxd6 Rxd6 39. Rb5+ Ka6 40. Rxe5 Rg6 41. g3
Rg4+ 42. Kc5 Rxa4 43. Re6+ Kb7 44. Re7+ Kc8 45. Rxg7 Ra2
46. h4 a4 47. Kb4 Rg2 48. Kxa4 1/2-1/2

[Event "Foxwoods Open"]
[Site "Mashantucket, CT"]
[Date "2009.04.12"]
[EventDate "2009.04.??"]
[Round "9"]
[Result "1-0"]
[White "Farai Mandizha"]
[Black "Ray Robson"]
[WhiteElo "2343"]
[BlackElo "2542"]
[PlyCount "79"]

1. d4 d5 2. c4 e6 3. Nc3 c6 4. Nf3 Nf6 5. Bg5 h6 6. Bh4 dxc4
7. e4 g5 8. Bg3 b5 9. Be2 Bb7 10. h4 g4 11. Ne5 Rg8 12. O-O
Nbd7 13. Nxc6 Bxc6 14. d5 exd5 15. exd5 Bb7 16. Nxb5 Bc5
17. Bxc4 Nb6 18. Rc1 Nh5 19. d6 Nxg3 20. Bxf7+ Kxf7 21. Rxc5
Nxf1 22. Rc7+ Kf8 23. Qd4 Nd7 24. Rxb7 Qf6 25. Rxd7 Qf5
26. Re7 Re8 27. Qxa7 Qf6 28. Rxe8+ Kxe8 29. d7+ Ke7 30. d8=Q+
Kxd8 31. Qb8+ Ke7 32. Qxg8 Qxb2 33. Qh7+ Kf8 34. Qxh6+ Kg8
35. Qg5+ Kf8 36. Qc5+ Ke8 37. Kxf1 Qb1+ 38. Ke2 Qxa2+ 39. Ke3
Qe6+ 40. Kf4 1-0

[Event "World Open"]
[Site "Philadelphia USA"]
[Date "2009.07.01"]
[EventDate "2009.07.01"]
[Round "1"]
[Result "1-0"]
[White "Ray Robson"]
[Black "Steven A Owen"]
[WhiteElo "2465"]
[BlackElo "2084"]
[PlyCount "77"]

1. e4 e6 2. d4 d5 3. Nc3 Nf6 4. Bg5 Bb4 5. e5 h6 6. Bd2 Bxc3
7. bxc3 Ne4 8. Qg4 g6 9. Bd3 Nxd2 10. Kxd2 c5 11. h4 c4
12. Bf1 b5 13. Nh3 Qe7 14. a3 Nd7 15. Be2 Bb7 16. f4 a5 17. h5
O-O-O 18. hxg6 Rdg8 19. Qf3 fxg6 20. Qe3 Rf8 21. g4 Bc6 22. f5
exf5 23. Nf4 Qe8 24. gxf5 Rxf5 25. Bg4 Rff8 26. Rag1 g5
27. Ne6 Rfg8 28. Nc5 Kc7 29. Bxd7 Bxd7 30. e6 Bc6 31. a4 b4
32. Rb1 Qe7 33. cxb4 axb4 34. Rxb4 Qd6 35. Rf1 Rf8 36. Na6+
Kd8 37. e7+ Qxe7 38. Rb8+ Kd7 39. Nc5+ 1-0